Partial differential equations /
Guardado en:
| Autor Principal: | |
|---|---|
| Formato: | Libro |
| Idioma: | English |
| Publicado: |
New York :
Wiley,
c1964.
|
| Etiquetas: |
Agregar Etiqueta
Sin Etiquetas, Sea el primero en etiquetar este registro!
|
| LEADER | 00503nam a22001695a 4500 | ||
|---|---|---|---|
| 001 | MAT.inmabb001467 | ||
| 008 | 031124s1964####nyu######b####001#0#eng#d | ||
| 005 | 20130315120356.0 | ||
| 245 | 1 | 0 | |a Partial differential equations / |c P. R. Garabedian. |
| 260 | |a New York : |b Wiley, |c c1964. | ||
| 300 | |a xii, 672 p. ; |c 24 cm. | ||
| 504 | |a Bibliografía: p. 651-661. | ||
| 510 | 4 | |a MR, |c 28 #5247 | |
| 100 | 1 | |a Garabedian, Paul. | |
| 084 | |a 35-01 |2 msc2000 | ||
| 010 | |a 64011505 | ||
| 859 | |h 35 |i G212 |p A-1769 |b BIB. MATEMATICA | ||
